000 00873cam a22002535a 4500
001 18260107
005 20151210151807.0
008 140808t2014 maua frbd 000 0 eng d
020 _a9780127999111
020 _a0127999116
040 _aBTCTA
_beng
_cBTCTA
_dUKMGB
_dYDXCP
_dCDX
_dOCLCO
_dLTSCA
_dOCLCO
_dDLC
_dEG-ScBUE
082 0 4 _222
_a665.772
_bSPE
100 1 _aSpeight, James G.
_94382
245 0 0 _aGasification of unconventional feedstocks /
_cJames G. Speight.
260 _aWaltham ;
_aOxford :
_bGulf Professional Publishing / Elsevier,
_cc.2014.
300 _avi, 152 p. :
_bill. ;
_c23 cm.
500 _aGlossary : p. 153.
504 _aIncludes bibliographical references.
650 0 _aCoal gasification.
_2BUEsh
650 0 _aBiomass gasification.
_2BUEsh
650 0 _aOil gasification.
_2BUEsh
653 _bENGGEN
_cAugust2015
_cDecember2015
942 _2ddc
999 _c20651
_d20623